| 000 | 00945cam a22002771 4500 | ||
|---|---|---|---|
| 001 | 45362 | ||
| 003 | BD-RjUL | ||
| 005 | 20211209054012.0 | ||
| 008 | 160725r19721968enka b 000 0 eng | ||
| 020 | _a0631108300 | ||
| 035 | _a(BD-RjUL) | ||
| 040 |
_aDLC _cDLC _dBD-RjUL _beng |
||
| 041 | _aeng | ||
| 082 | 0 | 0 |
_a338.01 _223 _bSEC 1972 |
| 100 | 1 |
_aSen, Amartya _d1933- _9118198 |
|
| 245 | 1 | 0 |
_aChoice of techniques: _ban aspect of the theory of planned economic development. _c Amartya Sen |
| 250 | _a3rd ed. | ||
| 260 |
_aOxford : _bBlackwell, _c1968 [reprint 1972] |
||
| 300 |
_axxix, 113 p. : _bill. ; _c22 cm. |
||
| 504 | _aBibliography: p. xxvii-xxix. | ||
| 650 | 0 |
_aIndustrial management _xMathematical models. _9131027 |
|
| 650 | 0 |
_aMachinery in the workplace. _9138897 |
|
| 650 | 0 |
_aLabor productivity _xMathematical models. _9133481 |
|
| 651 | 0 |
_aDeveloping countries _xEconomic policy _xMathematical models. _9138898 |
|
| 942 |
_2ddc _cBK |
||
| 999 |
_c45362 _d45362 |
||